000 00281nam a22001337a 4500
008 170807b xxu||||| |||| 00| 0 eng d
020 _a9780596005887
041 _aeng
080 _a004
100 _a33
101 _aSHK
245 _aDVD STUDIO PRO 3
_cLOY,M
942 _2udc
_cBK
999 _c22770
_d22770